Countries by Forest Area - Statistics

General Stats
  • This quiz has been taken 110 times
  • The average score is 12 of 20
Answer Stats
Hint Answer % Correct
4,916,438 Canada
98%
8,149,300 Russia
97%
4,776,980 Brazil
96%
3,100,950 United States
94%
2,083,210 China
93%
802,088 India
88%
884,950 Indonesia
82%
1,172,704 D. R. Congo
80%
945,336 Argentina
77%
1,470,832 Australia
76%
72.00% Finland
58%
90.20% Suriname
51%
87.15% Palau
36%
89.12% Tuvalu
33%
89.74% Micronesia
32%
85.00% Gabon
31%
79.00% Solomon Islands
31%
78.00% Mozambique
23%
89.45% Seychelles
18%
73.00% North Korea
14%
No matching quizzes found
Score Distribution
Percent of People with Each Score
Percentile by Number Answered
Your Score History
You have not taken this quiz